| 000 | 00672cam a22001932 4500 | ||
|---|---|---|---|
| 082 |
_a624.18341 _bHOO _cL-Tech, P-132 |
||
| 100 | 1 |
_aHool, George Albert. [from old catalog] _943225 |
|
| 245 | 0 | 0 | _aConcrete engineers' handbook, |
| 250 | _a1st ed. | ||
| 260 |
_aNew York, _bMcGraw-Hill book company, inc.: [etc., etc.] _c1918. |
||
| 300 |
_axxiii, 885 p. _billus., diagrs. (1 fold.) _c24 cm. |
||
| 526 |
_a0 _b0 _c0 _d624_183410000000000_HOO |
||
| 526 |
_a0 _b0 _c0 _d624_183410000000000_HOO |
||
| 650 | 0 | _aConcrete construction. | |
| 650 | 0 |
_aMCE _9379 |
|
| 700 | 1 |
_aHollister, S. C. [from old catalog] _943226 |
|
| 700 | 1 |
_aJohnson, Nathan Clarke, _943227 |
|
| 942 |
_2ddc _cBK |
||
| 999 |
_c547026 _d547026 |
||